[Event "CRO Cup"]
[Site "Mali Losinj"]
[Date "2023.05.14"]
[Round "6.5"]
[White "Javorek, David"]
[Black "Blazeka, Matej"]
[Result "1/2-1/2"]
[WhiteElo "1796"]
[BlackElo "2332"]
[PlyCount "78"]
[EventDate "2023.05.10"]
[EventType "team-swiss"]
[EventRounds "6"]
[EventCountry "CRO"]
[SourceTitle "CBM 214 Extra"]
[Source "ChessBase"]
[SourceDate "2023.07.31"]
[SourceVersion "1"]
[SourceVersionDate "2023.07.31"]
[SourceQuality "1"]
[WhiteTeam "Dakovic Duro"]
[BlackTeam "Zagreb Mladost"]
[WhiteTeamCountry "CRO"]
[BlackTeamCountry "CRO"]

1. e4 d6 2. d4 Nf6 3. Nc3 g6 4. Bd3 Bg7 5. Be3 0-0 6. Qd2 Ng4 7. f4 Nd7 8. Nf3 Nxe3 9. Qxe3 c5 10. dxc5 Nxc5 11. 0-0 a6 12. Rab1 Bxc3 13. bxc3 Qa5 14. Bc4 Bd7 15. Rbd1 b5 16. Bb3 Rac8 17. e5 Nxb3 18. axb3 Rxc3 19. Qf2 Bg4 20. exd6 exd6 21. Ra1 Qc7 22. Nd4 Qc8 23. Qd2 Re8 24. Rfc1 Rce3 25. Re1 Rxe1+ 26. Rxe1 Rxe1+ 27. Qxe1 Qc5 28. Qa1 a5 29. c3 a4 30. bxa4 bxa4 31. Qxa4 Qxc3 32. Kf2 Qd2+ 33. Kg3 Bf5 34. Nf3 Qc3 35. Qd4 Qxd4 36. Nxd4 Be4 37. Kf2 Kg7 38. h4 Kh6 39. g4 f5 1/2-1/2

[Event "CRO Cup"]
[Site "Mali Losinj"]
[Date "2023.05.10"]
[Round "1.5"]
[White "Blazeka, Matej"]
[Black "Baturina, Marin"]
[Result "1-0"]
[WhiteElo "2332"]
[BlackElo "1875"]
[PlyCount "84"]
[EventDate "2023.05.10"]
[EventType "team-swiss"]
[EventRounds "6"]
[EventCountry "CRO"]
[SourceTitle "CBM 214 Extra"]
[Source "ChessBase"]
[SourceDate "2023.07.31"]
[SourceVersion "1"]
[SourceVersionDate "2023.07.31"]
[SourceQuality "1"]
[WhiteTeam "Zagreb Mladost"]
[BlackTeam "Vinkovci"]
[WhiteTeamCountry "CRO"]
[BlackTeamCountry "CRO"]

1. e4 c5 2. Nf3 d6 3. d4 cxd4 4. Nxd4 Nf6 5. f3 e5 6. Nb3 d5 7. Bg5 d4 8. c3 Nc6 9. Bb5 h6 10. Bh4 Qb6 11. Qe2 Be6 12. Bf2 Rd8 13. 0-0 Bxb3 14. axb3 Be7 15. cxd4 exd4 16. Rd1 0-0 17. Bxc6 bxc6 18. Nd2 c5 19. Qa6 Rd7 20. Qxb6 axb6 21. Nc4 Rb7 22. Ra6 Rd8 23. g4 Ne8 24. Rxb6 Rdb8 25. Rxb7 Rxb7 26. Rd3 Nc7 27. f4 Na6 28. Be1 Nb8 29. Kg2 Nc6 30. Kf3 f6 31. e5 fxe5 32. Nxe5 Nxe5+ 33. fxe5 Kf7 34. Ke4 Ke6 35. b4 cxb4 36. Rxd4 Rb5 37. Bg3 Rc5 38. Rxb4 Rxe5+ 39. Bxe5 Bxb4 40. Bxg7 Bd2 41. h3 Kf7 42. Bc3 Bg5 1-0

[Event "CRO-chT1B 30th"]
[Site "Porec"]
[Date "2022.10.02"]
[Round "9.44"]
[White "Blazeka, Matej"]
[Black "Vojak, Daniel"]
[Result "0-1"]
[WhiteElo "2331"]
[BlackElo "2300"]
[PlyCount "108"]
[EventDate "2022.09.24"]
[EventType "team-tourn"]
[EventRounds "9"]
[EventCountry "CRO"]
[SourceTitle "CBM 210 Extra"]
[Source "ChessBase"]
[SourceDate "2022.11.30"]
[SourceVersion "1"]
[SourceVersionDate "2022.11.30"]
[SourceQuality "1"]
[WhiteTeam "Zagreb Mladost"]
[BlackTeam "Sveta Nedelja"]
[WhiteTeamCountry "CRO"]
[BlackTeamCountry "CRO"]

1. e4 c5 2. Nf3 d6 3. d4 cxd4 4. Nxd4 Nf6 5. f3 e5 6. Nb3 d5 7. Bg5 d4 8. c3 Nc6 9. Bb5 h6 10. Bh4 Qb6 11. Bc4 Be6 12. Bxe6 fxe6 13. Bf2 Rd8 14. N1d2 Be7 15. 0-0 Qa6 16. Re1 0-0 17. Qe2 Qxe2 18. Rxe2 Nh5 19. g3 Rd7 20. Rc1 Rfd8 21. cxd4 exd4 22. Nc5 Bxc5 23. Rxc5 Nf6 24. a3 Rc7 25. f4 Nd7 26. Rc1 e5 27. Kg2 Rdc8 28. Nf3 exf4 29. gxf4 d3 30. Re3 Nf6 31. Bh4 Nh5 32. Bg3 Rd7 33. Rd1 Rcd8 34. f5 g6 35. fxg6 Kg7 36. e5 Kxg6 37. e6 Re7 38. Bh4 Nf6 39. Nd2 Rd4 40. Kh3 Nd5 41. Rg1+ Kh5 42. Bxe7 Nxe3 43. Bf6 Rd6 44. e7 Re6 45. Rg7 Nf5 46. Rg1 Nfxe7 47. Nf1 Rxf6 48. Ng3+ Kg6 49. Ne4+ Kf7 50. Nxf6 Kxf6 51. Kg4 Nd5 52. Kf3 Kf5 53. Kf2 Ne5 54. Rg7 Nc4 0-1

[Event "EU-ch Online 2300+ Qual"]
[Site "Chess.com INT"]
[Date "2020.05.29"]
[Round "7"]
[White "Can, Emre"]
[Black "Blazeka, Matej"]
[Result "1-0"]
[WhiteElo "2569"]
[BlackElo "2349"]
[PlyCount "73"]
[EventDate "2020.05.29"]
[EventType "swiss"]
[EventRounds "8"]
[EventCountry "NET"]
[SourceTitle "CBM 196 Extra"]
[Source "ChessBase"]
[SourceDate "2020.07.31"]
[SourceVersion "1"]
[SourceVersionDate "2020.07.31"]
[SourceQuality "1"]

1. e4 e5 2. Nf3 Nc6 3. Bb5 a6 4. Ba4 Nge7 5. 0-0 g6 6. c3 Bg7 7. d4 exd4 8. cxd4 b5 9. Bb3 0-0 10. d5 Na5 11. Bc2 d6 12. Nc3 Bb7 13. Bg5 Nc4 14. Rb1 Nxb2 15. Rxb2 Bxc3 16. Rb3 Bg7 17. Qd2 Qd7 18. Bh6 c5 19. dxc6 Nxc6 20. Rd3 Rad8 21. Rd1 Rfe8 22. Bb3 Rxe4 23. Bg5 Ne7 24. Rxd6 Qxd6 25. Qxd6 Rxd6 26. Rxd6 h6 27. Be3 Nf5 28. Rd8+ Bf8 29. Bc5 Ne7 30. Kf1 Kg7 31. Nd2 Re5 32. Bd4 Nc6 33. Bxe5+ Nxe5 34. f4 Ng4 35. Rd7 Bd5 36. Bxd5 Ne3+ 37. Ke2 1-0

[Event "CRO-chT1A 28th"]
[Site "Mali Losinj"]
[Date "2019.09.30"]
[Round "3.24"]
[White "Blazeka, Matej"]
[Black "Ascic, Pero"]
[Result "1/2-1/2"]
[WhiteElo "2385"]
[BlackElo "2318"]
[PlyCount "50"]
[EventDate "2019.09.28"]
[EventType "team-tourn"]
[EventRounds "9"]
[EventCountry "CRO"]
[SourceTitle "EXT 2020"]
[Source "ChessBase"]
[SourceDate "2019.10.17"]
[SourceVersion "1"]
[SourceVersionDate "2019.10.17"]
[SourceQuality "1"]
[WhiteTeam "Zagreb Hask Mladost"]
[BlackTeam "Dakovo Limont"]
[WhiteTeamCountry "CRO"]
[BlackTeamCountry "CRO"]

1. d4 d5 2. c4 c6 3. cxd5 cxd5 4. Nc3 e6 5. Bf4 Nc6 6. e3 Bd6 7. Bxd6 Qxd6 8. Bd3 Nf6 9. f4 Bd7 10. Nf3 Qe7 11. 0-0 g6 12. a3 0-0 13. Nd2 Ne8 14. Nb3 Nd6 15. Rc1 Rac8 16. Qe1 f5 17. Nb5 Nxb5 18. Bxb5 Nb8 19. Bxd7 Qxd7 20. Nc5 Qe7 21. Qb4 b6 22. Nd3 Qxb4 23. Nxb4 Kf7 24. Nd3 Nd7 25. Nb4 Nb8 1/2-1/2

[Event "SLO-chT 29th"]
[Site "Slovenia"]
[Date "2019.09.07"]
[Round "2.1"]
[White "Markoja, Boris"]
[Black "Blazeka, Matej"]
[Result "1-0"]
[WhiteElo "2447"]
[BlackElo "2385"]
[PlyCount "60"]
[EventDate "2019.09.06"]
[EventType "team-tourn"]
[EventRounds "9"]
[EventCountry "SLO"]
[SourceTitle "CBM 192 Extra"]
[Source "Chessbase"]
[SourceDate "2019.11.06"]
[SourceVersion "1"]
[SourceVersionDate "2019.11.06"]
[SourceQuality "1"]
[WhiteTeam "Maribor"]
[BlackTeam "Prevodi Dvojka"]
[WhiteTeamCountry "SLO"]
[BlackTeamCountry "SLO"]

1. d4 d5 2. c4 c6 3. Nc3 Nf6 4. e3 e6 5. Nf3 Nbd7 6. Qc2 b6 7. Bd3 Bb7 8. 0-0 Bd6 9. e4 dxe4 10. Nxe4 Nxe4 11. Bxe4 Nf6 12. Bg5 Qc7 13. Bxf6 gxf6 14. c5 Be7 15. cxb6 axb6 16. d5 f5 17. Bd3 c5 18. dxe6 Bxf3 19. exf7+ Kxf7 20. Bc4+ Kg6 21. gxf3 Qf4 22. Rfe1 Bd6 23. Re6+ Kh5 24. Rd1 Rad8 25. Rd5 Rhf8 26. Kf1 Kh4 27. Bd3 Qxf3 28. Be4 Qh3+ 29. Bg2 Qg4 30. Rh6+ Kg5 1-0

[Event "SLO-chT 28th"]
[Site "Slovenia"]
[Date "2018.11.10"]
[Round "5.1"]
[White "Blazeka, Matej"]
[Black "Sebenik, Matej"]
[Result "0-1"]
[WhiteElo "2382"]
[BlackElo "2538"]
[PlyCount "88"]
[EventDate "2018.11.02"]
[EventType "team-tourn"]
[EventRounds "9"]
[EventCountry "SLO"]
[SourceTitle "CBM 187 Extra"]
[Source "ChessBase"]
[SourceDate "2018.11.04"]
[SourceVersion "1"]
[SourceVersionDate "2018.11.04"]
[SourceQuality "1"]
[WhiteTeam "Tomo Zupan Kranj"]
[BlackTeam "Ljubljana"]
[WhiteTeamCountry "SLO"]
[BlackTeamCountry "SLO"]

1. e4 c5 2. Nf3 Nc6 3. Bb5 g6 4. Bxc6 dxc6 5. h3 Bg7 6. d3 Nf6 7. Nc3 0-0 8. Be3 b6 9. Qd2 e5 10. Bh6 Qd6 11. Bxg7 Kxg7 12. Qg5 Re8 13. a4 a5 14. Nd2 Nh5 15. Nc4 Qc7 16. Ne2 f6 17. Qd2 Nf4 18. Kf1 Ne6 19. Kg1 Ba6 20. Ne3 h5 21. Rf1 Rad8 22. b3 Nd4 23. h4 Bc8 24. Ng3 Be6 25. f4 exf4 26. Rxf4 Rh8 27. Qf2 Qe5 28. Kf1 b5 29. axb5 cxb5 30. Ke1 a4 31. bxa4 bxa4 32. Rf1 Rhf8 33. c3 Nb5 34. Qc2 Qxc3+ 35. Qxc3 Nxc3 36. Kd2 Na2 37. e5 f5 38. Rxa4 Nb4 39. Rxb4 cxb4 40. Ne2 Ra8 41. Nd4 Ra2+ 42. Nec2 Bd5 43. Rb1 b3 44. Nxb3 Rb8 0-1

[Event "SLO-chT 28th"]
[Site "Slovenia"]
[Date "2018.11.09"]
[Round "4.1"]
[White "Kozul, Zdenko"]
[Black "Blazeka, Matej"]
[Result "1-0"]
[WhiteElo "2612"]
[BlackElo "2382"]
[PlyCount "63"]
[EventDate "2018.11.02"]
[EventType "team-tourn"]
[EventRounds "9"]
[EventCountry "SLO"]
[SourceTitle "CBM 187 Extra"]
[Source "ChessBase"]
[SourceDate "2018.11.04"]
[SourceVersion "1"]
[SourceVersionDate "2018.11.04"]
[SourceQuality "1"]
[WhiteTeam "Maribor"]
[BlackTeam "Tomo Zupan Kranj"]
[WhiteTeamCountry "SLO"]
[BlackTeamCountry "SLO"]

1. d4 Nf6 2. c4 e6 3. Nf3 b6 4. a3 Bb7 5. Nc3 g6 6. d5 Bg7 7. e4 exd5 8. exd5 0-0 9. Be2 c6 10. 0-0 cxd5 11. cxd5 Na6 12. Bg5 h6 13. Be3 Nc5 14. Rc1 Re8 15. Bd4 Nce4 16. Nxe4 Nxe4 17. Bb5 Nd6 18. Bxg7 Kxg7 19. Qd4+ Kg8 20. Bd3 f5 21. h4 Ne4 22. Rfe1 Nc5 23. Bc2 d6 24. h5 gxh5 25. b4 Ne4 26. Bxe4 fxe4 27. Rxe4 Rxe4 28. Qxe4 Qe8 29. Qf4 Bxd5 30. Qg3+ Kh8 31. Rc7 Qg8 32. Qf4 1-0

[Event "SLO-chT 28th"]
[Site "Slovenia"]
[Date "2018.11.02"]
[Round "1.1"]
[White "Blazeka, Matej"]
[Black "Ribli, Zoltan"]
[Result "1/2-1/2"]
[WhiteElo "2382"]
[BlackElo "2537"]
[PlyCount "75"]
[EventDate "2018.11.02"]
[EventType "team-tourn"]
[EventRounds "9"]
[EventCountry "SLO"]
[SourceTitle "CBM 187 Extra"]
[Source "ChessBase"]
[SourceDate "2018.11.04"]
[SourceVersion "1"]
[SourceVersionDate "2018.11.04"]
[SourceQuality "1"]
[WhiteTeam "Tomo Zupan Kranj"]
[BlackTeam "Pomgrad Radenska"]
[WhiteTeamCountry "SLO"]
[BlackTeamCountry "SLO"]

1. e4 c5 2. Nf3 e6 3. d4 cxd4 4. Nxd4 Nc6 5. Nc3 Qc7 6. Be2 a6 7. Be3 Nf6 8. 0-0 Bb4 9. Na4 0-0 10. Nxc6 bxc6 11. Qd3 Be7 12. c4 c5 13. f4 d6 14. Bf3 Bb7 15. Rad1 Rad8 16. Nc3 Rfe8 17. Qe2 Nd7 18. g4 Bf6 19. g5 Bxc3 20. bxc3 Nb6 21. Rb1 a5 22. Qb2 Nxc4 23. Qxb7 Qxb7 24. Rxb7 Nxe3 25. Re1 Nc4 26. Be2 Nd2 27. Rb2 Nxe4 28. Bb5 Nxc3 29. Bxe8 Rxe8 30. Rc2 Nb5 31. Rb2 Nd4 32. Kf2 d5 33. Reb1 c4 34. Rb8 Kf8 35. Rxe8+ Kxe8 36. Rb7 Nc2 37. Rb8+ Kd7 38. Rb7+ 1/2-1/2

[Event "CRO-chT1B 27th"]
[Site "Biograd"]
[Date "2018.09.17"]
[Round "3.26"]
[White "Blazeka, Matej"]
[Black "Grgurevic, Boris"]
[Result "1-0"]
[WhiteElo "2354"]
[BlackElo "2145"]
[PlyCount "94"]
[EventDate "2018.09.15"]
[EventType "team-swiss"]
[EventRounds "9"]
[EventCountry "CRO"]
[SourceTitle "CBM 186 Extra"]
[Source "ChessBase"]
[SourceDate "2018.08.24"]
[SourceVersion "1"]
[SourceVersionDate "2018.08.24"]
[SourceQuality "1"]
[WhiteTeam "Zagreb Hask Mladost"]
[BlackTeam "Sibenik"]
[WhiteTeamCountry "CRO"]
[BlackTeamCountry "CRO"]

1. e4 g6 2. d4 Bg7 3. Be3 d6 4. Qd2 Nf6 5. f3 0-0 6. Ne2 Nbd7 7. g4 c5 8. c3 b5 9. g5 Ne8 10. Na3 Qa5 11. h4 Nc7 12. h5 Ne6 13. hxg6 hxg6 14. Bh3 cxd4 15. cxd4 Qxd2+ 16. Kxd2 Nb6 17. b3 Bd7 18. Raf1 d5 19. Bxe6 fxe6 20. e5 a5 21. Nc2 Rac8 22. Nf4 Kf7 23. Ne1 b4 24. Ned3 Bb5 25. Rc1 Bxd3 26. Rxc8 Rxc8 27. Nxd3 Nd7 28. Bf2 Ke8 29. Rc1 Kd8 30. Nf4 Nf8 31. Be1 Rc7 32. Rc2 Kd7 33. Rxc7+ Kxc7 34. Kc2 Kb6 35. Kb2 Kb5 36. a3 bxa3+ 37. Kxa3 Bh8 38. Bd2 Bg7 39. Bc3 Bh8 40. Bd2 Bg7 41. Bc1 Bh8 42. Ka2 Kb4 43. Ba3+ Kc3 44. Bxe7 Bg7 45. Bxf8 Bxf8 46. Nxe6 Be7 47. f4 Kd3 1-0

[Event "CRO-chT1B 27th"]
[Site "Biograd"]
[Date "2018.09.16"]
[Round "2.56"]
[White "Curic, Drazen"]
[Black "Blazeka, Matej"]
[Result "0-1"]
[WhiteElo "2133"]
[BlackElo "2354"]
[PlyCount "104"]
[EventDate "2018.09.15"]
[EventType "team-swiss"]
[EventRounds "9"]
[EventCountry "CRO"]
[SourceTitle "CBM 186 Extra"]
[Source "ChessBase"]
[SourceDate "2018.08.24"]
[SourceVersion "1"]
[SourceVersionDate "2018.08.24"]
[SourceQuality "1"]
[WhiteTeam "Split Brda"]
[BlackTeam "Zagreb Hask Mladost"]
[WhiteTeamCountry "CRO"]
[BlackTeamCountry "CRO"]

1. d4 Nf6 2. Nf3 d5 3. c4 c6 4. Nc3 e6 5. e3 Nbd7 6. cxd5 exd5 7. Bd3 Bd6 8. Qc2 a6 9. b3 0-0 10. Bb2 Re8 11. 0-0 Qe7 12. g3 Ne4 13. Nh4 Ndf6 14. Nxe4 dxe4 15. Be2 Ng4 16. Ng2 Qe6 17. Qd1 Nf6 18. f3 Qh3 19. Nf4 Bxf4 20. exf4 exf3 21. Bxf3 Bg4 22. d5 Bxf3 23. Rxf3 Nxd5 24. Qd2 Qe6 25. Rd1 f6 26. Bd4 Qe2 27. Rf2 Qxd2 28. Rdxd2 Re1+ 29. Kg2 Rd8 30. Kf3 Kf7 31. Bc5 Rc1 32. Rc2 Rxc2 33. Rxc2 b6 34. Bf2 Nb4 35. Rc4 c5 36. Be1 Nc6 37. b4 Nxb4 38. Bxb4 cxb4 39. Rxb4 b5 40. a4 Rb8 41. axb5 axb5 42. Ke4 Ke6 43. g4 Kd6 44. Kd4 Kc6 45. Rb1 Rd8+ 46. Ke4 Re8+ 47. Kf5 Rb8 48. h4 b4 49. g5 fxg5 50. hxg5 g6+ 51. Ke6 b3 52. Rc1+ Kb5 0-1

[Event "Zagreb Damjanovic Memorial 2nd"]
[Site "Zagreb"]
[Date "2018.07.21"]
[Round "7"]
[White "Mrdja, Milan"]
[Black "Blazeka, Matej"]
[Result "0-1"]
[WhiteElo "2296"]
[BlackElo "2329"]
[PlyCount "80"]
[EventDate "2018.07.16"]
[EventType "swiss"]
[EventRounds "9"]
[EventCountry "CRO"]
[SourceTitle "EXT 2019"]
[Source "ChessBase"]
[SourceDate "2018.10.10"]
[SourceVersion "1"]
[SourceVersionDate "2018.10.10"]
[SourceQuality "1"]

1. e4 e5 2. Nc3 Nf6 3. g3 Nc6 4. Bg2 Bc5 5. d3 d6 6. Na4 Bb6 7. Ne2 Ba5+ 8. c3 b5 9. b4 Bxb4 10. cxb4 bxa4 11. Qxa4 Bd7 12. b5 Ne7 13. Qc4 a6 14. bxa6 Qc8 15. d4 Nc6 16. d5 Na5 17. Qd3 Qxa6 18. Qxa6 Rxa6 19. Rb1 Ke7 20. Nc3 Raa8 21. 0-0 Rhb8 22. Rxb8 Rxb8 23. Re1 Nc4 24. Bf1 Nb6 25. f3 Na4 26. Re3 Nc5 27. Re2 Nd3 28. Be3 Be8 29. Rd2 Nc5 30. Rc2 Rb4 31. Kf2 c6 32. Rd2 cxd5 33. Nxd5+ Nxd5 34. Rxd5 Na4 35. Rd2 Bb5 36. Bh3 Nc3 37. Ba7 Ba4 38. Bf1 Rb7 39. Be3 Nd1+ 40. Ke2 Rb1 0-1

[Event "Zagreb Damjanovic Memorial 2nd"]
[Site "Zagreb"]
[Date "2018.07.19"]
[Round "4"]
[White "Blazeka, Matej"]
[Black "Bender, Ivan"]
[Result "1-0"]
[WhiteElo "2329"]
[BlackElo "2285"]
[PlyCount "119"]
[EventDate "2018.07.16"]
[EventType "swiss"]
[EventRounds "9"]
[EventCountry "CRO"]
[SourceTitle "EXT 2019"]
[Source "ChessBase"]
[SourceDate "2018.10.10"]
[SourceVersion "1"]
[SourceVersionDate "2018.10.10"]
[SourceQuality "1"]

1. e4 e5 2. Nf3 Nc6 3. d4 exd4 4. Nxd4 Bc5 5. Nb3 Bb4+ 6. c3 Be7 7. Bf4 Bg5 8. Bg3 d6 9. N1d2 Bh4 10. Bxh4 Qxh4 11. g3 Qh6 12. Bg2 Bh3 13. 0-0 Bxg2 14. Kxg2 Nge7 15. Nd4 0-0-0 16. N2f3 Kb8 17. Re1 Qf6 18. Qd2 h6 19. Rad1 g5 20. h3 Rhg8 21. Qe2 Ne5 22. Nxe5 dxe5 23. Qf3 Qg6 24. Nf5 Nc8 25. h4 Qe6 26. Qh5 gxh4 27. Qxh4 Rxd1 28. Rxd1 Nd6 29. Qxh6 Qxh6 30. Nxh6 Rh8 31. Rxd6 cxd6 32. Nxf7 Re8 33. Nxd6 Re6 34. Nc4 Kc7 35. Kf3 Kd7 36. a4 b6 37. Ke3 Ke7 38. f4 exf4+ 39. gxf4 Rh6 40. a5 b5 41. Ne5 Rh3+ 42. Kd4 Kd6 43. Nd3 Rh2 44. c4 bxc4 45. Kxc4 Re2 46. Kd4 Kc6 47. f5 Rh2 48. f6 Kd6 49. e5+ Ke6 50. Nc5+ Kf7 51. Ne4 Rxb2 52. Ng5+ Kf8 53. e6 Rh2 54. e7+ Ke8 55. Ne6 Kf7 56. Nc7 Re2 57. e8Q+ Rxe8 58. Nxe8 Kxe8 59. Kc5 Kf7 60. Kc6 1-0

[Event "CRO Cup"]
[Site "Mali Losinj"]
[Date "2018.05.17"]
[Round "3.132"]
[White "Blazeka, Matej"]
[Black "Cupic, Lovro"]
[Result "1-0"]
[WhiteElo "2312"]
[BlackElo "2231"]
[PlyCount "73"]
[EventDate "2018.05.16"]
[EventType "team-swiss"]
[EventRounds "6"]
[EventCountry "CRO"]
[SourceTitle "CBM 184 Extra"]
[Source "ChessBase"]
[SourceDate "2018.06.28"]
[SourceVersion "1"]
[SourceVersionDate "2018.06.28"]
[SourceQuality "1"]
[WhiteTeam "Zagreb Mladost"]
[BlackTeam "Zagreb Uriho"]
[WhiteTeamCountry "CRO"]
[BlackTeamCountry "CRO"]

1. e4 c6 2. d4 d5 3. Nc3 dxe4 4. Nxe4 Nf6 5. Nxf6+ gxf6 6. c3 Bf5 7. Nf3 e6 8. g3 Qd5 9. Bg2 Qe4+ 10. Be3 Qc2 11. Nh4 Be4 12. Qxc2 Bxc2 13. 0-0 Nd7 14. Rac1 Bg6 15. c4 0-0-0 16. Rfd1 Bh5 17. Rd2 Bb4 18. Rdc2 c5 19. d5 Ne5 20. a3 Ba5 21. Bxc5 Nd3 22. Be7 Nxc1 23. Bxd8 Ne2+ 24. Rxe2 Bxe2 25. Bxa5 Bxc4 26. Bc3 Bxd5 27. Bxf6 Rf8 28. Bxd5 exd5 29. Kf1 Kd7 30. Bd4 a6 31. Nf3 f6 32. Ke2 Ke6 33. Kd3 Kf5 34. h3 h5 35. Nh4+ Ke6 36. Ng6 Rc8 37. Nf4+ 1-0

[Event "Titled Tuesday intern op 17th April"]
[Site "Chess.com INT"]
[Date "2017.11.07"]
[Round "8"]
[White "Kollars, Dmitrij"]
[Black "Blazeka, Matej"]
[Result "0-1"]
[WhiteElo "2500"]
[BlackElo "2321"]
[PlyCount "120"]
[EventDate "2017.04.17"]
[EventType "swiss (blitz)"]
[EventRounds "10"]
[EventCountry "USA"]
[SourceTitle "EXT 2021"]
[Source "ChessBase"]
[SourceDate "2020.10.23"]
[SourceVersion "1"]
[SourceVersionDate "2020.10.23"]
[SourceQuality "1"]

1. e4 e5 2. Nf3 Nc6 3. Bc4 Bc5 4. c3 Nf6 5. d4 exd4 6. e5 d5 7. Bb5 Ne4 8. cxd4 Bb6 9. Be3 0-0 10. Nc3 Bg4 11. h3 Bh5 12. Qc2 Bg6 13. Qb3 Ne7 14. Nh4 c6 15. Nxg6 hxg6 16. Bd3 Nf5 17. Nxe4 dxe4 18. Bxe4 Nxe3 19. Qxe3 Bxd4 20. Qd2 Bxe5 21. Qxd8 Raxd8 22. 0-0 Rd2 23. Rad1 Rfd8 24. Rxd2 Rxd2 25. b3 Rxa2 26. Rd1 Rb2 27. Rb1 Rxb1+ 28. Bxb1 g5 29. Kf1 f6 30. Bf5 Kf7 31. Bc8 b6 32. Bb7 Ke7 33. Bxc6 Kd6 34. Be8 Kc5 35. Ke2 Kb4 36. Bf7 Kc3 37. Kd1 Bd4 38. f3 Be3 39. g3 Bf2 40. g4 Be3 41. Ke2 Bf4 42. Kd1 b5 43. Ke2 a5 44. Be8 Kxb3 45. Bxb5 a4 46. Kd3 a3 47. Bc4+ Kb2 48. Ke4 a2 49. Bxa2 Kxa2 50. Kf5 Kb3 51. Kg6 Kc4 52. Kxg7 Be5 53. Kg6 Kd4 54. Kh5 Ke3 55. h4 gxh4 56. Kxh4 Kxf3 57. g5 f5 58. g6 f4 59. Kg5 Kg3 60. g7 Bxg7 0-1